Rubik's cube Shape Mods - Statistics

General Stats
  • This quiz has been taken 14 times
  • The average score is 7 of 17
Answer Stats
Picture Answer % Correct
Mirror Cube
100%
Apple Cube
91%
Ghost Cube
64%
Twisted Cube
64%
Ball Cube
55%
Void Cube
55%
Mastermorphix
45%
Windmill Cube
45%
Axis Cube
36%
Barrel Cube
36%
Fisher Cube
27%
Octagonal Barrel
18%
Pandora Cube
18%
Clover 3x3
9%
Cutter Cube
9%
Fluffy 3x3
9%
Spax Cube
9%
No matching quizzes found
Score Distribution
Percent of People with Each Score
Percentile by Number Answered
Your Score History
You have not taken this quiz